Normal view
MARC view
- Steel, Flora Annie Webster
Entry Personal Name
001 - CONTROL NUMBER
- control field: 50423
003 - CONTROL NUMBER IDENTIFIER
- control field: NUST
005 - DATE AND TIME OF LATEST TRANSACTION
- control field: 20210314134628.0
008 - FIXED-LENGTH DATA ELEMENTS
- fixed length control field: 210314|| aca||aabn | a|a d
040 ## - CATALOGING SOURCE
- Original cataloging agency: NUST
- Transcribing agency: NUST
100 ## - HEADING--PERSONAL NAME
- Personal name: Steel, Flora Annie Webster
670 ## - SOURCE DATA FOUND
- Source citation: Work cat.: (NUST): Steel, Flora Annie Webster,, India through the ages, 1908.
